[Event "Eastern Class-ch"]
[Site "Sturbridge"]
[Date "2009.03.06"]
[Round "1"]
[White "Prawira, Dennis"]
[Black "Shabalov, Alexander"]
[Result "0-1"]
[WhiteElo "2077"]
[BlackElo "2578"]
[PlyCount "108"]
[EventDate "2009.03.06"]
[EventType "swiss"]
[EventRounds "5"]
[EventCountry "USA"]
[SourceTitle "CBM 129 Extra"]
[Source "ChessBase"]
[SourceDate "2009.05.05"]
[SourceVersion "2"]
[SourceVersionDate "2009.05.20"]
[SourceQuality "1"]

1. e4 c5 2. c3 Nf6 3. e5 Nd5 4. d4 cxd4 5. cxd4 d6 6. Nf3 Bg4 7. Qb3 Nb6 8. Ng5 e6 9. Bb5+ Nc6 10. 0-0 d5 11. Be3 Be7 12. f4 0-0 13. Nd2 Rc8 14. Rac1 Na5 15. Qd3 Bxg5 16. fxg5 a6 17. b4 axb5 18. bxa5 Nc4 19. Nxc4 dxc4 20. Qc3 Ra8 21. Bd2 Be2 22. Rf4 Bd3 23. Qb4 Qd5 24. Qc5 Qd7 25. a3 Ra6 26. h4 Rc8 27. Qb4 Rca8 28. Qb2 b6 29. axb6 Rxa3 30. Bb4 Ra2 31. Qc3 Qc6 32. Rg4 Qxb6 33. h5 Qb7 34. h6 Bf5 35. Rg3 Qe4 36. hxg7 Qh4 37. Bc5 Be4 38. Qe3 Bxg2 39. Rxg2 Rxg2+ 40. Kxg2 Ra2+ 41. Kf3 Qh3+ 42. Kf4 Qh2+ 43. Qg3 Rf2+ 44. Kg4 Rg2 45. Rc3 Kxg7 46. Be7 Kg6 47. Qxg2 Qxg2+ 48. Rg3 Qe4+ 49. Kh3 Qxd4 50. Bd6 c3 51. Rf3 c2 52. Rf6+ Kg7 53. g6 hxg6 54. Rf3 c1Q 0-1